000 00312nam a22001337a 4500
999 _c154538
_d154538
082 _a
_b
100 _aChapman J.L
100 _aReiss M.J
245 _aEcology principles and applications/
_cby Chapman J.L and Reiss M.J.
260 _a
_bCambridge,
_c1995.
300 _a294p.
650 _a
942 _cBK